| 000 | 00690nam a2200229Ia 4500 | ||
|---|---|---|---|
| 008 | 160517s9999 xx 000 0 und d | ||
| 050 | _aHF 5415 | ||
| 050 | _b.Z61 2016 | ||
| 100 | _aZeta, Frances Victoria L. | ||
| 245 | _aCustomer service rating of blackwood bar and grill restaurant : | ||
| 245 | _bbasis for customer relationship management program / | ||
| 245 | _cFrances Victoria L. Zeta. | ||
| 260 | _aLas PiƱas, Philippines : | ||
| 260 | _bSISC, | ||
| 260 | _c2016. | ||
| 300 | _a52 pages : | ||
| 300 | _billustrations ; | ||
| 300 | _c28 cm. | ||
| 500 | _aIncludes bibliographical references and appendices. | ||
| 521 | _aBusiness Administration | ||
| 942 | _cTH | ||
| 999 |
_c293971 _d293971 |
||